• 首页
  • 本馆介绍
  • 公告通知
  • 最新文献
  • 馆藏检索
  • 电子资源
  • 读者导购
  • 参考咨询
  • 我的图书馆
  • 登录
  • 详细信息显示
  • 放入我的书架
  • 预约/预借图书
  • 作者相关作品
  • 分类相关作品
  • 丛书相关作品
  • 出版社相关作品

书目信息

  • 表格格式
  • 工作单格式
  • 卡片格式
题名:
七人制手球竞赛规则
    
 
作者: ;国家体育运动委员会 审定
分册:  
出版信息: 北京   人民体育出版社  1956
页数: 60页
开本: 13cm
丛书名:
单 册:
中图分类: G844.4
科图分类:
主题词:
电子资源:
ISBN:
000 00652nam0 2200229 45
001 0179003939
005 20060911171953.40
010    @dCNY0.10
091    @aCN@b7015.1734
100    @a19950717d1956 em y0chiy0121 ea
101 0  @achi
102    @aCN@b110000
105    @ay z 000yy
200 10 @a七人制手球竞赛规则@Aqi ren zhi shou qiu jing sai gui ze@e79@f国家体育运动委员会审定
205    @a5版
210    @a北京@c人民体育出版社@d1956
215    @a60页@c图@d13cm
517 1  @a79
690    @aG844.4@v3
711 02 @a国家体育运动委员会@Aguo jia ti yu yun dong wei yuan hui@4审定
801  0 @aCN@bTSSF@c20060911
905    @a10447@dG844.4@e228=5
    
    七人制手球竞赛规则:79/国家体育运动委员会审定.-5版.-北京:人民体育出版社,1956
    60页:图;13cm
    
    
    ISBN :CNY0.10
    
●
相关链接 在E读中查询图书 在五车中查询图书 在当当中查询图书 在豆瓣中查询图书


正题名:七人制手球竞赛规则     索取号:G844.4/228=5         预约/预借

序号 登录号 条形码 馆藏地/架位号 状态 备注
1 0472074   204720748   密集书库/ [索取号:G844.4/228=5] 在馆    
唐山师范学院图书馆 欢迎您!
大连网信软件有限公司© 版权所有